000 00305pam a2200133 a 4500
020 _c
041 _h
082 _a743.8
_bPJN
100 _aPolly Pinder .
245 _aHow to Draw Birds
_hTextual Documents
260 _a[s.l]:
_bSearch Press U. K. ,
_c2015.
300 _a32:
_bpaper.
930 _a7450
999 _c241240
_d241240